000 00332 a2200169 4500
001 186980
020 _a850801287X
040 _cMagnum
100 _aBelinky, Tatiana
240 1 0 _aStanislau
_lpor
245 1 0 _aStanislau
300 _a
362 0 _a1986
440 1 _aÁtica
697 _aLITERATURA INFANTO
942 _cBK
999 _c186980
_d186980